Pokémon with the Ability Sturdy - Statistics

General Stats
  • This quiz has been taken 121 times
  • The average score is 28 of 41
Answer Stats
Gen Answer % Correct
I Geodude
100%
VII Geodude (Alola)
100%
I Graveler
99%
VII Graveler (Alola)
99%
I Golem
98%
VII Golem (Alola)
98%
I Onix
94%
II Steelix
92%
III Aggron
87%
III Aron
87%
III Lairon
86%
V Roggenrola
86%
V Boldore
82%
III Nosepass
82%
V Gigalith
81%
IV Probopass
81%
I Magnemite
78%
I Magneton
78%
IV Magnezone
78%
II Sudowoodo
64%
IV Bastiodon
63%
II Forretress
61%
IV Shieldon
61%
II Skarmory
61%
IV Bonsly
60%
VI Carbink
60%
II Pineco
57%
V Sawk
55%
II Shuckle
55%
V Carracosta
49%
V Tirtouga
49%
III Relicanth
47%
V Crustle
46%
V Dwebble
46%
III Regirock
45%
VI Avalugg
42%
VI Tyrunt
42%
VI Bergmite
40%
II Donphan
37%
VII Togedemaru
23%
VII Cosmoem
17%
No matching quizzes found
Score Distribution
Percent of People with Each Score
Percentile by Number Answered
Your Score History
You have not taken this quiz